000
00216 a2200097 4500
001
15016
100
_a
Slater J.C
245
_a
Microwave electronics
260
_a
New York
_b
D Van nostrand
_c
090
_c
11771
_d
11771
942
_a
NUST-CAE
_c
M
_c
1971
999
_c
250089
_d
250089